| 000 | 00780cam a22002653a 4500 | ||
|---|---|---|---|
| 001 | 16439 | ||
| 003 | PGUSA | ||
| 005 | 20140828083342.0 | ||
| 008 | 050804s2005||||xxu|||||s|||||000 | eng d | ||
| 040 |
_aPGUSA _beng |
||
| 042 | _adc | ||
| 050 | 4 | _aTX | |
| 100 | 1 | _aApicius | |
| 245 | 1 | 0 |
_aApicii librorum X qui dicuntur De re coquinaria quae extant _h[electronic resource] / _cApicius |
| 260 |
_bProject Gutenberg, _c2005 |
||
| 506 | _aPublic domain in the USA. | ||
| 516 | _aElectronic text | ||
| 653 | _aCooking, Roman -- Early works to 1800 | ||
| 700 | 1 |
_aGiarratano, Caesar, _d1880- |
|
| 700 | 1 |
_aVollmer, Friedrich, _d1867-1923 |
|
| 740 | 0 | _aDe re coquinaria | |
| 830 | 0 |
_aProject Gutenberg _v16439 |
|
| 856 | 4 | 0 | _uhttp://www.gutenberg.org/ebooks/16439 |
| 942 | _cEB | ||
| 999 |
_c245694 _d245694 |
||